|
|
|
|
| LEADER |
01871nam a2200505 a 4500 |
| 001 |
33398 |
| 003 |
BD-DhAAL |
| 005 |
20180716162755.0 |
| 008 |
180716t2004 ctu x 0 a0eng c |
| 999 |
|
|
|c 39808
|d 39808
|
| 010 |
|
|
|a 2003215469
|z 98049571
|z 00050360
|
| 020 |
|
|
|a 076272742X
|
| 020 |
|
|
|a 9780762727421
|
| 022 |
0 |
|
|a 1546-3303
|2 1
|
| 035 |
|
|
|a (OCoLC)ocm40951056
|
| 037 |
|
|
|b Globe Pequot Press, P.O. Box 480, Guilford, CT 06437
|
| 040 |
|
|
|a IEP
|b eng
|c IEP
|d OCL
|d NSD
|d DLC
|d OCLCQ
|d DLC
|d OCLCQ
|d OCLCF
|d OCLCO
|d OCLCA
|d BD-DhAAL
|
| 042 |
|
|
|a nsdp
|a pcc
|
| 043 |
|
|
|a n-us-il
|
| 050 |
0 |
0 |
|a F539.3
|b .F86
|
| 082 |
1 |
0 |
|a 917.73
|2 13
|
| 100 |
|
|
|a Schuldt, Lori Meek
|9 27436
|
| 222 |
|
0 |
|a Fun with the family in Illinois
|
| 245 |
0 |
0 |
|a Fun with the family in Illinois :
|b hundreds of ideas for day trips with the kids /
|c Lori Meek Schuldt
|
| 246 |
3 |
0 |
|a Illinois
|
| 250 |
|
|
|a Fourth edition
|
| 260 |
|
|
|a Old Saybrook, Conn. :
|b Globe Pequot Press,
|c c2004
|
| 300 |
|
|
|a vii, 311 pages :
|b maps ;
|c 22 cm.
|
| 310 |
|
|
|a Irregular
|
| 362 |
1 |
|
|a Began with 1st ed. in 1996.
|
| 490 |
1 |
|
|a Fun with the family series
|
| 500 |
|
|
|a "Hundreds of ideas for day trips with the kids."
|
| 500 |
|
|
|a Vols. for 1999- by Lori Meek Schuldt.
|
| 526 |
|
|
|a ARC
|
| 541 |
|
|
|e 33398
|
| 650 |
|
0 |
|a Family recreation
|z Illinois
|v Guidebooks.
|9 27437
|
| 650 |
|
7 |
|a Family recreation.
|2 fast
|9 27438
|
| 651 |
|
0 |
|a Illinois
|v Guidebooks.
|9 27439
|
| 651 |
|
7 |
|a Illinois.
|2 fast
|9 27440
|
| 655 |
|
7 |
|a Guidebooks.
|2 fast
|9 27443
|
| 830 |
|
0 |
|a Fun with the family series.
|9 27442
|
| 850 |
|
|
|a DLC
|
| 852 |
|
|
|a Department of Architecture
|c General Stacks
|
| 942 |
|
|
|2 ddc
|c BK
|
| 952 |
|
|
|0 0
|1 0
|2 ddc
|4 0
|6 917_730000000000000_SCH
|7 0
|9 63840
|a BRACUL
|b BRACUL
|c GEN
|d 2018-07-16
|l 0
|o 917.73 SCH
|p 3010033398
|r 2018-07-16
|t 1
|w 2018-07-16
|y BK
|x Transferred from ARC to BRACUL on 28/12/2023
|